<?xml version="1.0" encoding="UTF-8"?>
<record
    xmlns:xsi="http://www.w3.org/2001/XMLSchema-instance"
    xsi:schemaLocation="http://www.loc.gov/MARC21/slim http://www.loc.gov/standards/marcxml/schema/MARC21slim.xsd"
    xmlns="http://www.loc.gov/MARC21/slim">

  <leader>00776nam a22001937a 4500</leader>
  <controlfield tag="005">20240131170750.0</controlfield>
  <datafield tag="010" ind1=" " ind2=" ">
    <subfield code="a">HIN-126673</subfield>
  </datafield>
  <datafield tag="020" ind1=" " ind2=" ">
    <subfield code="a">9788190317757</subfield>
    <subfield code="c">395.00</subfield>
  </datafield>
  <datafield tag="035" ind1=" " ind2=" ">
    <subfield code="a">HN-99019</subfield>
  </datafield>
  <datafield tag="037" ind1=" " ind2=" ">
    <subfield code="b">DBAD/PUB</subfield>
  </datafield>
  <datafield tag="082" ind1=" " ind2=" ">
    <subfield code="a">158.128</subfield>
  </datafield>
  <datafield tag="100" ind1=" " ind2=" ">
    <subfield code="a">&#x92D;&#x93E;&#x91F;&#x93F;&#x92F;&#x93E;,&#x938;&#x941;&#x926;&#x930;&#x94D;&#x936;&#x928; </subfield>
    <subfield code="9">61493</subfield>
  </datafield>
  <datafield tag="245" ind1=" " ind2=" ">
    <subfield code="a">&#x935;&#x94D;&#x92F;&#x915;&#x94D;&#x924;&#x93F;&#x924;&#x94D;&#x935; &#x935;&#x93F;&#x915;&#x93E;&#x938; &#x915;&#x947; &#x938;&#x930;&#x932; &#x909;&#x92A;&#x93E;&#x92F;/</subfield>
    <subfield code="c">&#x938;&#x941;&#x926;&#x930;&#x94D;&#x936;&#x928; &#x92D;&#x93E;&#x91F;&#x93F;&#x92F;&#x93E;</subfield>
  </datafield>
  <datafield tag="250" ind1=" " ind2=" ">
    <subfield code="a">1</subfield>
  </datafield>
  <datafield tag="260" ind1=" " ind2=" ">
    <subfield code="a">&#x939;&#x930;&#x93F;&#x92F;&#x93E;&#x923;&#x93E; (&#x92A;&#x902;&#x91A;&#x915;&#x941;&#x932;&#x93E;)</subfield>
    <subfield code="b">&#x92C;&#x947;&#x91F;&#x930; &#x92C;&#x941;&#x915;&#x94D;&#x938; </subfield>
    <subfield code="c">2021 </subfield>
  </datafield>
  <datafield tag="270" ind1=" " ind2=" ">
    <subfield code="a">1471 &#x938;&#x947;&#x915;&#x94D;&#x91F;&#x930; 15 </subfield>
    <subfield code="b">&#x939;&#x930;&#x93F;&#x92F;&#x93E;&#x923;&#x93E; (&#x92A;&#x902;&#x91A;&#x915;&#x941;&#x932;&#x93E;)</subfield>
  </datafield>
  <datafield tag="300" ind1=" " ind2=" ">
    <subfield code="a">152 &#x92A;&#x943;.;</subfield>
    <subfield code="c">22 &#x938;&#x947;&#x92E;&#x940;.(&#x938;&#x91C;&#x93F;&#x932;&#x94D;&#x926;)</subfield>
  </datafield>
  <datafield tag="942" ind1=" " ind2=" ">
    <subfield code="2">ddc</subfield>
    <subfield code="c">HN</subfield>
    <subfield code="h">158.128</subfield>
    <subfield code="m">&#x92D;&#x93E;&#x91F;&#x93F;&#x92F;&#x93E;</subfield>
  </datafield>
  <datafield tag="999" ind1=" " ind2=" ">
    <subfield code="c">200473</subfield>
    <subfield code="d">200473</subfield>
  </datafield>
  <datafield tag="952" ind1=" " ind2=" ">
    <subfield code="0">0</subfield>
    <subfield code="1">0</subfield>
    <subfield code="4">0</subfield>
    <subfield code="7">0</subfield>
    <subfield code="8">NFIC</subfield>
    <subfield code="a">ZLS</subfield>
    <subfield code="b">ZLS</subfield>
    <subfield code="d">2024-01-31</subfield>
    <subfield code="e">DBAD/PUB</subfield>
    <subfield code="g">395.00</subfield>
    <subfield code="l">3</subfield>
    <subfield code="o">158.128 &#x92D;&#x93E;&#x91F;&#x93F;&#x92F;&#x93E;</subfield>
    <subfield code="p">HN-99019</subfield>
    <subfield code="r">2025-05-22 00:00:00</subfield>
    <subfield code="s">2025-05-06</subfield>
    <subfield code="t">1</subfield>
    <subfield code="v">395.00</subfield>
    <subfield code="w">2024-01-31</subfield>
    <subfield code="y">HN</subfield>
  </datafield>
</record>
